Emmy - Drama Quiz Stats

 Plays Quiz Updated Sep 22, 2019

Support Sporcle.
Go Orange.
Score 0/43 Timer 06:00
0 Plays Today
Year Drama Name % Correct
2013Breaking Bad
82.7%
2018Game of Thrones
82.2%
2014Breaking Bad
82.1%
2019Game of Thrones
81.9%
2016Game of Thrones
80.6%
2015Game of Thrones
78.8%
2004The Sopranos
77.4%
2007The Sopranos
77.4%
1996ER
75.1%
2008Mad Men
71%
1997Law & Order
59.6%
2005LOST
55.6%
200624
54.6%
2009Mad Men
53.1%
2017The Handmaid's Tale
52.8%
2000The West Wing
52.2%
2001The West Wing
52.2%
2002The West Wing
52.2%
2003The West Wing
52.2%
2012Homeland
51.2%
1995NYPD Blue
47.3%
1981Hill Street Blues
46%
Year Drama Name % Correct
1982Hill Street Blues
46%
1983Hill Street Blues
46%
1984Hill Street Blues
46%
2020Succession
43.1%
1987L.A. Law
41.8%
1989L.A. Law
41.8%
1990L.A. Law
41.8%
1991L.A. Law
41.8%
2010Mad Men
36%
2011Mad Men
33.3%
1998The Practice
30.6%
1999The Practice
30.6%
1993Picket Fences
21.3%
1994Picket Fences
21.3%
1988thirtysomething
18.2%
1985Cagney & Lacey
17.2%
1986Cagney & Lacey
17.2%
1992Northern Exposure
14.1%
1979Lou Grant
13.9%
1980Lou Grant
13.9%
1978The Rockford Files
11.8%

You're not logged in!

Compare scores with friends on all Sporcle quizzes.
OR
Log In

From the Vault

United States in 1790 Picture Click

by LisaSimpsonOH

It's safe to say the US has changed quite a bit in the last 200+ years.
Remove Ads.
Support Sporcle.
Get the best of Sporcle when you Go Orange. This ad-free experience offers more features, more stats, and more fun while also helping to support Sporcle. Thank you for becoming a member.

Show Comments

Extras

Top Quizzes Today


Score Distribution

Your Account Isn't Verified!

In order to create a playlist on Sporcle, you need to verify the email address you used during registration. Go to your Sporcle Settings to finish the process.

Report this User

Report this user for behavior that violates our Community Guidelines.

Details: